[Event "GER-chT DLM U20"]
[Site "Stuttgart"]
[Date "2010.11.19"]
[Round "5.8"]
[White "Reksten, Anne"]
[Black "Ludwig, Maria"]
[Result "1-0"]
[WhiteElo "1407"]
[BlackElo "1027"]
[PlyCount "45"]
[EventDate "2010.11.17"]
[EventType "team-tourn"]
[EventRounds "7"]
[EventCountry "GER"]
[SourceTitle "EXT 2022"]
[Source "ChessBase"]
[SourceDate "2021.10.06"]
[SourceVersion "1"]
[SourceVersionDate "2021.10.06"]
[SourceQuality "1"]
[WhiteTeam "Nordrhein Westfalen U20"]
[BlackTeam "Hamburg U20"]
[WhiteTeamCountry "GER"]
[BlackTeamCountry "GER"]

1. c4 e5 2. g3 Nc6 3. Bg2 Nf6 4. Nc3 Bb4 5. Nd5 Bc5 6. e3 0-0 7. Ne2 d6 8. a3 a6 9. b4 Ba7 10. Nec3 Bg4 11. Nxf6+ Qxf6 12. Qxg4 Ne7 13. Bxb7 Rab8 14. Nd5 Nxd5 15. Bxd5 c5 16. Rb1 Rfe8 17. b5 axb5 18. Rxb5 Rxb5 19. cxb5 Bb6 20. Bb2 h6 21. 0-0 Rb8 22. Bc3 Bc7 23. a4 1-0

[Event "GER-chT DLM U20"]
[Site "Stuttgart"]
[Date "2010.11.18"]
[Round "3.8"]
[White "Sadewasser, Lucie"]
[Black "Ludwig, Maria"]
[Result "1-0"]
[WhiteElo "1279"]
[BlackElo "1027"]
[PlyCount "57"]
[EventDate "2010.11.17"]
[EventType "team-tourn"]
[EventRounds "7"]
[EventCountry "GER"]
[SourceTitle "EXT 2022"]
[Source "ChessBase"]
[SourceDate "2021.10.06"]
[SourceVersion "1"]
[SourceVersionDate "2021.10.06"]
[SourceQuality "1"]
[WhiteTeam "Mecklenburg-Vorpommern U20"]
[BlackTeam "Hamburg U20"]
[WhiteTeamCountry "GER"]
[BlackTeamCountry "GER"]

1. e4 e5 2. Nf3 Nc6 3. Nc3 Nf6 4. d4 Bb4 5. d5 Na5 6. Qd3 Bxc3+ 7. Qxc3 c6 8. Qxe5+ Qe7 9. Qxe7+ Kxe7 10. b4 Nxe4 11. bxa5 cxd5 12. Bd3 Nc5 13. 0-0 Kd8 14. Re1 d6 15. Ng5 Nxd3 16. Nxf7+ Kd7 17. cxd3 Rf8 18. Ng5 h6 19. Nf3 g5 20. Ba3 g4 21. Ne5+ Kd8 22. Bxd6 Rf6 23. Ba3 h5 24. Nxg4 Rg6 25. Ne3 h4 26. Nxd5 Kd7 27. Rac1 Rg7 28. Nf6+ Kd8 29. Re8# 1-0

[Event "GER-ch U14 Girls"]
[Site "Willingen"]
[Date "2009.06.06"]
[Round "9"]
[White "Ludwig, Maria"]
[Black "Liez, Franziska"]
[Result "1-0"]
[WhiteElo "887"]
[BlackElo "1037"]
[PlyCount "45"]
[EventDate "2009.05.30"]
[EventType "swiss"]
[EventRounds "9"]
[EventCountry "GER"]
[SourceTitle "EXT 2010"]
[Source "ChessBase"]
[SourceDate "2010.11.25"]
[SourceVersion "1"]
[SourceVersionDate "2010.11.25"]
[SourceQuality "1"]

1. e4 e5 2. Nf3 Nc6 3. Bc4 Nf6 4. d3 Bc5 5. Nc3 d6 6. Be3 Bb6 7. Qd2 Na5 8. 0-0-0 Bg4 9. h3 Bxf3 10. gxf3 c6 11. a3 Bc7 12. Ba2 b5 13. Rdg1 Rg8 14. f4 d5 15. exd5 cxd5 16. d4 exd4 17. Bxd4 a6 18. Bxf6 Qxf6 19. Nxd5 Qc6 20. Nxc7+ Qxc7 21. Re1+ Kf8 22. Qb4+ Qe7 23. Qxe7# 1-0

[Event "GER-ch U14 Girls"]
[Site "Willingen"]
[Date "2009.06.05"]
[Round "8"]
[White "Ludwig, Maria"]
[Black "Spangenberg, Romy"]
[Result "0-1"]
[WhiteElo "887"]
[BlackElo "1453"]
[PlyCount "38"]
[EventDate "2009.05.30"]
[EventType "swiss"]
[EventRounds "9"]
[EventCountry "GER"]
[SourceTitle "EXT 2010"]
[Source "ChessBase"]
[SourceDate "2010.11.25"]
[SourceVersion "1"]
[SourceVersionDate "2010.11.25"]
[SourceQuality "1"]

1. f4 Nc6 2. Nf3 d5 3. b3 Bg4 4. e3 e5 5. fxe5 Nxe5 6. Be2 Nxf3+ 7. Bxf3 Qh4+ 8. g3 Qf6 9. Bb2 Qxf3 10. Qxf3 Bxf3 11. Rf1 Be4 12. d3 Bg6 13. Nd2 f6 14. 0-0-0 0-0-0 15. h4 Bc5 16. d4 Bb4 17. c3 Ba5 18. Ba3 Bxc3 19. Nf3 Re8 0-1

[Event "GER-ch U14 Girls"]
[Site "Willingen"]
[Date "2009.06.03"]
[Round "6"]
[White "Lange, Annika"]
[Black "Ludwig, Maria"]
[Result "1-0"]
[WhiteElo "1275"]
[BlackElo "887"]
[PlyCount "29"]
[EventDate "2009.05.30"]
[EventType "swiss"]
[EventRounds "9"]
[EventCountry "GER"]
[SourceTitle "EXT 2010"]
[Source "ChessBase"]
[SourceDate "2010.11.25"]
[SourceVersion "1"]
[SourceVersionDate "2010.11.25"]
[SourceQuality "1"]

1. e4 e5 2. f4 f6 3. Nf3 d6 4. Bc4 Nc6 5. 0-0 Bg4 6. Nc3 Nge7 7. h3 Bxf3 8. Qxf3 Nd4 9. Qd1 Qd7 10. d3 a6 11. Ne2 Nec6 12. Nxd4 Nxd4 13. c3 Nc6 14. f5 0-0-0 15. Be6 1-0

[Event "GER-ch U14 Girls"]
[Site "Willingen"]
[Date "2009.05.31"]
[Round "2"]
[White "Ludwig, Maria"]
[Black "Rahimi, Rozafa"]
[Result "0-1"]
[WhiteElo "887"]
[BlackElo "1408"]
[PlyCount "64"]
[EventDate "2009.05.30"]
[EventType "swiss"]
[EventRounds "9"]
[EventCountry "GER"]
[SourceTitle "EXT 2010"]
[Source "ChessBase"]
[SourceDate "2010.11.25"]
[SourceVersion "1"]
[SourceVersionDate "2010.11.25"]
[SourceQuality "1"]

1. e4 c5 2. Nf3 a6 3. c3 e6 4. d4 d5 5. e5 cxd4 6. cxd4 Nc6 7. Bd3 Bb4+ 8. Nc3 Nge7 9. 0-0 0-0 10. Be3 Bd7 11. Ng5 h6 12. Nh7 Re8 13. Qg4 Kh8 14. Ne2 Nf5 15. a3 Ba5 16. Ng3 Kxh7 17. Nh5 Rg8 18. Qf4 Kh8 19. Bxf5 exf5 20. Nf6 g5 21. Qf3 Rg6 22. Qh5 Be6 23. Bxg5 Qf8 24. Be3 Bd8 25. Qh4 Qg7 26. g3 Bxf6 27. exf6 Qxf6 28. Qxf6+ Rxf6 29. b4 Rg6 30. Bd2 Kh7 31. a4 Rgg8 32. Rfb1 Nxd4 0-1

[Event "GER-ch U14 Girls"]
[Site "Willingen"]
[Date "2009.05.30"]
[Round "1"]
[White "Zeller, Elisa"]
[Black "Ludwig, Maria"]
[Result "1-0"]
[WhiteElo "1662"]
[BlackElo "887"]
[PlyCount "37"]
[EventDate "2009.05.30"]
[EventType "swiss"]
[EventRounds "9"]
[EventCountry "GER"]
[SourceTitle "EXT 2010"]
[Source "ChessBase"]
[SourceDate "2010.11.25"]
[SourceVersion "1"]
[SourceVersionDate "2010.11.25"]
[SourceQuality "1"]

1. e4 e6 2. d4 d5 3. exd5 exd5 4. Nf3 Nf6 5. Bd3 b6 6. 0-0 c5 7. c4 Nc6 8. dxc5 Bxc5 9. cxd5 Qxd5 10. Nc3 Qd8 11. Qe2+ Ne7 12. Bb5+ Bd7 13. Rd1 0-0 14. Bg5 Ng4 15. Rxd7 Qb8 16. Bxe7 Rc8 17. Bxc5 bxc5 18. Rad1 Re8 19. Qc4 1-0

[Event "GER-ch U12"]
[Site "Willingen"]
[Date "2008.05.17"]
[Round "11"]
[White "Ludwig, Maria"]
[Black "Roehlich, Anna"]
[Result "1/2-1/2"]
[WhiteElo "866"]
[BlackElo "1043"]
[PlyCount "42"]
[EventDate "2008.05.11"]
[EventType "swiss"]
[EventRounds "11"]
[EventCountry "GER"]
[SourceTitle "CBM 124 Extra"]
[Source "ChessBase"]
[SourceDate "2008.07.03"]
[SourceVersion "1"]
[SourceVersionDate "2008.07.03"]
[SourceQuality "1"]

1. e4 c5 2. Nc3 Nc6 3. f4 d6 4. Nf3 g6 5. Bc4 Bg7 6. d3 Nf6 7. Bd2 a6 8. Qe2 b5 9. Bd5 Bd7 10. 0-0-0 Qa5 11. Kb1 b4 12. e5 Nxd5 13. Nxd5 0-0 14. Rdg1 Be6 15. Qe4 c4 16. dxc4 Rab8 17. Ng5 Bxd5 18. cxd5 Nd8 19. g4 Qb5 20. h4 dxe5 21. fxe5 a5 1/2-1/2

[Event "GER-ch U12"]
[Site "Willingen"]
[Date "2008.05.16"]
[Round "9"]
[White "Bohm, Stephanie"]
[Black "Ludwig, Maria"]
[Result "1-0"]
[WhiteElo "888"]
[BlackElo "866"]
[PlyCount "49"]
[EventDate "2008.05.11"]
[EventType "swiss"]
[EventRounds "11"]
[EventCountry "GER"]
[SourceTitle "CBM 124 Extra"]
[Source "ChessBase"]
[SourceDate "2008.07.03"]
[SourceVersion "1"]
[SourceVersionDate "2008.07.03"]
[SourceQuality "1"]

1. c4 e5 2. Nc3 Nf6 3. d3 Bb4 4. g3 d5 5. Qa4+ Nc6 6. a3 Bxc3+ 7. bxc3 Bd7 8. Qb3 d4 9. Nf3 0-0 10. Bb2 dxc3 11. Qxc3 Re8 12. e3 a6 13. Bg2 b5 14. cxb5 axb5 15. 0-0 Bg4 16. Qxc6 Bxf3 17. Bxf3 Qxd3 18. Rfd1 Qf5 19. Bg2 Ng4 20. Qf3 Qxf3 21. Bxf3 Nf6 22. Bxa8 Rxa8 23. Bxe5 Nd7 24. Rxd7 h6 25. Rxc7 1-0

[Event "GER-ch U12"]
[Site "Willingen"]
[Date "2008.05.12"]
[Round "3"]
[White "Hauffen, Franziska"]
[Black "Ludwig, Maria"]
[Result "1-0"]
[WhiteElo "1143"]
[BlackElo "866"]
[PlyCount "101"]
[EventDate "2008.05.11"]
[EventType "swiss"]
[EventRounds "11"]
[EventCountry "GER"]
[SourceTitle "CBM 124 Extra"]
[Source "ChessBase"]
[SourceDate "2008.07.03"]
[SourceVersion "1"]
[SourceVersionDate "2008.07.03"]
[SourceQuality "1"]

1. e4 e5 2. Nf3 Nc6 3. Bc4 Bc5 4. c3 Nf6 5. d3 d6 6. Bg5 h6 7. Bh4 g5 8. Bg3 Nh5 9. 0-0 Nxg3 10. hxg3 h5 11. Nbd2 h4 12. gxh4 gxh4 13. Nh2 h3 14. g3 Qg5 15. Qf3 Be6 16. Bxe6 fxe6 17. Rad1 0-0-0 18. Qg4 Qf6 19. Qf3 Qe7 20. Kh1 Rdf8 21. Qe2 Qg7 22. Ndf3 Ne7 23. Rd2 Rf4 24. Rg1 Rf6 25. Qe1 Ng8 26. a4 a6 27. b4 Ba7 28. b5 Qf7 29. Qe2 Nh6 30. bxa6 bxa6 31. Rf1 d5 32. Nxe5 Qg7 33. Nef3 Rf4 34. exd5 e5 35. Qxe5 Rf6 36. a5 Nf5 37. Rg1 Rh5 38. Qe8+ Kb7 39. Qxh5 Bxf2 40. Rb1+ Ka7 41. Nf1 Nxg3+ 42. Nxg3 Qxg3 43. Nh4 Be3 44. Rdb2 Rf8 45. Qe2 Qe5 46. Ng6 Qxd5+ 47. Kh2 Qd6+ 48. Kh1 Re8 49. Qxe3+ Ka8 50. Qxe8+ Ka7 51. Qb8# 1-0

[Event "Hamburg Weisse Dame op 11th"]
[Site "Hamburg"]
[Date "2005.09.18"]
[Round "4.12"]
[White "Ludwig, Maria"]
[Black "Bruemmer, Helga"]
[Result "0-1"]
[WhiteElo "784"]
[BlackElo "825"]
[PlyCount "34"]
[EventDate "2005.09.17"]
[EventType "swiss"]
[EventRounds "5"]
[EventCountry "GER"]
[SourceTitle "EXT 2006"]
[Source "ChessBase"]
[SourceDate "2005.11.24"]
[SourceVersion "1"]
[SourceVersionDate "2005.11.24"]
[SourceQuality "1"]

1. e4 e5 2. Nf3 Nc6 3. Bc4 Nf6 4. 0-0 Nxe4 5. h4 Bc5 6. Ng5 d5 7. Qf3 0-0 8. Qf5 Bxf5 9. d3 Ng3 10. Bxd5 Qxd5 11. c4 Qxd3 12. Nd2 Qe2 13. Ngf3 Nxf1 14. Nxf1 e4 15. h5 exf3 16. gxf3 Qxf2+ 17. Kh1 Qg1# 0-1

[Event "Hamburg Weisse Dame op 11th"]
[Site "Hamburg"]
[Date "2005.09.18"]
[Round "5.11"]
[White "Ludwig, Maria"]
[Black "Ramm, Helga"]
[Result "0-1"]
[WhiteElo "784"]
[BlackElo "967"]
[PlyCount "74"]
[EventDate "2005.09.17"]
[EventType "swiss"]
[EventRounds "5"]
[EventCountry "GER"]
[SourceTitle "EXT 2006"]
[Source "ChessBase"]
[SourceDate "2005.11.24"]
[SourceVersion "1"]
[SourceVersionDate "2005.11.24"]
[SourceQuality "1"]

1. e4 e5 2. Bc4 Nf6 3. Bb3 Nxe4 4. Qf3 f6 5. Qd3 Nc5 6. Qc4 Nxb3 7. Nf3 Na5 8. Qd5 Nbc6 9. 0-0 d6 10. d3 Qe7 11. Qe4 Be6 12. Nc3 Qf7 13. Bg5 f5 14. Qh4 Be7 15. Rfe1 Nb4 16. Rxe5 Nac6 17. Rxe6 Qxe6 18. Bxe7 Nxe7 19. Ng5 Qg6 20. Nce4 0-0-0 21. Qg3 fxe4 22. dxe4 Nxc2 23. Rc1 Nd4 24. Qc3 Ne2+ 25. Kf1 Nxc3 26. Rxc3 Qxg5 27. b4 Qe5 28. Rc4 Qa1+ 29. Ke2 Qxa2+ 30. Kf3 Qxc4 31. b5 Qxb5 32. g4 Rhf8+ 33. Kg3 Qb3+ 34. Kh4 Ng6+ 35. Kh5 Nf4+ 36. Kg5 Qh3 37. f3 Ne6# 0-1